| 000 | 00468nam a2200169Ia 4500 | ||
|---|---|---|---|
| 008 | 130318s9999 xx 000 0 und d | ||
| 020 | _a9781848604452 | ||
| 082 | _a658.4038011 WIL/O.1 | ||
| 100 | _aWillcoks, Leslie | ||
| 245 | _aOutsourcing information systems. Vol 1 | ||
| 260 |
_bSage _aLondon _c2009 |
||
| 300 | _a349 | ||
| 650 | _aGLOBAL OUTSOURCING | ||
| 650 | _aINFORMATION SYSTEM OUTSOURCING | ||
| 650 | _aRELATIONSHIP MANAGEMENT | ||
| 700 | _aLacity, Mary | ||
| 999 |
_c1902 _d1902 |
||